00446nam a2200145Ia 4500020001500000082001900015100001800034245007000052260004200122300000800164504001900172650004300191650003400234650003200268 a9679787915 a306.0959 CLA-D aClammer, John 0aDiaspora and identity: the sociology of culture in Southeast Asia aMalaysiabPelanduk Publicationsc2002 a339 aincludes index aIdentity, NationalzAsia, Southeastern aEthnicityzAsia, Southeastern aCulturezAsia, Southeastern